000 00640naa a2200217 i 4500
001 13514
003 ES-MaBCM
005 20241016091753.0
008 910315s1991 fra 000 0 fre d
021 _axx
035 _a(OCoLC)1365169301
040 _cES-MaBCM
041 0 _afre
043 _afra
100 1 _aPlantamp, Didier
_937285
245 1 2 _aL'originalité du groupe de sociétés au sens de l'article l 439-1 du code du travail
_cDidier Plantamp
650 2 7 _aGrupo de empresas
_958835
651 4 _aFrancia
_9115364
773 0 _aEn:
_tRecueil Dalloz Sirey
_dParis : 1991
_w104643
_gnº 10, marzo ; p. 69-76
942 _cAREV
999 _c13514
_d13514